IATA Codes of Brazil With a Map - Statistics

General Stats
  • This quiz has been taken 37 times
  • The average score is 13 of 34
Answers on the Map
Answers color-coded by a green-red scale on the quiz's map according to % correct below.
 
Answer Stats
Airport IATA Code % Correct
São Paulo GRU
83%
Recife REC
83%
Rio de Janeiro GIG
77%
Belém BEL
73%
Fortaleza FOR
73%
Porto Alegre POA
73%
Brasília BSB
70%
Natal NAT
70%
Salvador SSA
57%
Belo Horizonte CNF
53%
Campinas VCP
47%
Curitiba CWB
43%
João Pessoa JPA
37%
Manaus MAO
37%
Porto Velho PVH
37%
Campo Grande CGR
33%
Florianópolis FLN
33%
Macapá MCP
33%
Vitória VIX
33%
Foz do Iguaçu IGU
30%
São Luís SLZ
30%
Goiânia GYN
27%
Maceió MCZ
27%
Cuiabá CGB
23%
Boa Vista BVB
20%
Santarém STM
20%
Cruzeiro do Sul CZS
13%
Rio Branco RBR
13%
Tabatinga TBT
13%
Bagé BGX
7%
Cabo Frio CFB
7%
Parnaíba PHB
7%
Ponta Porã PMG
7%
São Carlos QSC
7%
No matching quizzes found
Score Distribution
Percent of People with Each Score
Percentile by Number Answered
Your Score History
You have not taken this quiz